| 000 | 00982cam a22002651i 4500 | ||
|---|---|---|---|
| 003 | SA-RiAUC | ||
| 005 | 20241006074022.0 | ||
| 008 | 241005s2006 su g 00010 ara c | ||
| 020 | _a9960524132 | ||
| 040 |
_aSA-JeKAU _bara _cSA-RiAUC _erda |
||
| 043 | _aa-su--- | ||
| 082 | 0 | 4 |
_a953.123 _qSA-RiAUC |
| 090 |
_a953.123 _bط ر ا |
||
| 100 | 1 |
_aطرابلسي، محمد يوسف محمد حسن _eمؤلف. |
|
| 245 | 1 | 0 |
_aجدة : _bحكاية مدينة / _cتأليف محمد يوسف محمد حسن طرابلسي. |
| 250 | _aالطبعة الأولى. | ||
| 264 | 1 |
_aالرياض : _bشركة المدينة المنورة للطباعة والنشر، _c[2006] |
|
| 300 |
_a608 صفحة ؛ _c25 سم |
||
| 336 |
_aنص _btxt _2rdacontent _3كتاب |
||
| 337 |
_aبدون وسيط _bn _2rdamedia |
||
| 338 |
_aمجلد _bnc _2rdacarrier |
||
| 651 | 7 |
_aجدة (السعودية) _xتاريخ _2aucsh |
|
| 942 |
_2ddc _cBOOK _n0 |
||
| 949 |
_aSA-JeALM _d241005 _umohamedma123 _n1 |
||
| 999 |
_c909 _d909 |
||